Názory študentov ekonomických fakúlt na vstup Slovenskej republiky do Európskej únie

Výskum postojov študentov k danej problematike. Skúmané názory predstavujú emotívnu zložku a plán účasti na referende vypovedá o konatívnej zložke. Výskumná vzorka. Účasť na referende je silne závislá od názoru na vstup Slovenska do EÚ.

Na minha lista:
Detalhes bibliográficos
Autor principal: Sudzina, František
Outros Autores: Tóthová, Tímea
Formato: Capítulo de Livro
Idioma:eslovaco
Assuntos:
Tags: Adicionar Tag
Sem tags, seja o primeiro a adicionar uma tag!

MARC

LEADER 00000naa$a2200000$$$4500
001 0036575
005 20221104090949.8
041 0 |a slo 
044 |a SK 
245 1 0 |a Názory študentov ekonomických fakúlt na vstup Slovenskej republiky do Európskej únie  |c František Sudzina, Tímea Tóthová 
520 |a Výskum postojov študentov k danej problematike. Skúmané názory predstavujú emotívnu zložku a plán účasti na referende vypovedá o konatívnej zložke. Výskumná vzorka. Účasť na referende je silne závislá od názoru na vstup Slovenska do EÚ. 
610 2 0 |a Slovensko 
610 2 0 |a Európska únia 
610 2 0 |a postoje 
610 2 0 |a výskum 
610 2 0 |a študenti 
610 2 0 |a referendum 
100 1 |a Sudzina, František 
700 1 |a Tóthová, Tímea